La vie internationale

Saved in:
Bibliographic Details
Main Author: Merle, Marcel (autor)
Format: Book
Language:French
Published: París Armand Colin 1963
Series:U. Série Société Politique
Subjects:
Tags: Add Tag
No Tags, Be the first to tag this record!

MARC

LEADER 00000nam a2200000 a 4500
001 UCT7852
003 CL-VaPUC
008 970317e19630000FR |||||||||||||||||fre|d
082 0 4 |a 327.1  |b MER  |2 21 
100 |a Merle, Marcel  |e autor  |9 440580 
245 1 3 |a La vie internationale 
300 |a 302 p 
942 |c BK 
945 |d 19970317 00:00:00  |a paguirre 
260 |a París  |b Armand Colin  |c 1963 
650 0 |a Política internacional  |9 255813 
650 0 |a Relaciones Internacionales  |9 255740 
650 0 |a Estado  |9 255503 
650 0 |a Derecho internacional  |9 255637 
650 0 |a Paz  |9 259242 
650 7 |a PAZ MUNDIAL  |2 CL-VaPUC  |9 379082 
650 7 |a EQUILIBRIO INTERNACIONAL  |2 CL-VaPUC  |9 314688 
583 |a last modification  |c 19970317 00:00:00  |k Rodrigo Vera 
490 0 |a U. Série Société Politique 
999 |c 256399  |d 256397 
952 |0 0  |1 0  |4 0  |6 327_100000000000000_MER_1963  |7 0  |8 A  |9 279111  |a BIBDER  |b BIBDER  |d 2019-11-19  |i 1808508  |o 327.1 MER 1963  |p 1808508  |r 2023-01-25  |w 2019-11-19  |y BK  |k DER